AI/ML future foundation / (ระเบียนเลขที่ 106821)
| 000 -LEADER | |
|---|---|
| fixed length control field | 01561 a2200253 4500 |
| 003 - CONTROL NUMBER IDENTIFIER | |
| control field | NALT |
| 005 - DATE AND TIME OF LATEST TRANSACTION | |
| control field | 20250721142240.0 |
| 008 - FIXED-LENGTH DATA ELEMENTS--GENERAL INFORMATION | |
| fixed length control field | 250612b th ||||| |||| 00| 0 tha d |
| 020 ## - INTERNATIONAL STANDARD BOOK NUMBER | |
| International Standard Book Number | 9786168282328 |
| 040 ## - CATALOGING SOURCE | |
| Original cataloging agency | NALT |
| 050 ## - LIBRARY OF CONGRESS CALL NUMBER | |
| Classification number | Q 335 |
| Item number | ว321อ 2566 |
| 100 0# - MAIN ENTRY--PERSONAL NAME | |
| Personal name | วราภรณ์ พรหมวิอินทร์. |
| 9 (RLIN) | 43844 |
| 245 10 - TITLE STATEMENT | |
| Title | AI/ML future foundation / |
| Statement of responsibility, etc. | วราภรณ์ พรหมวิอินทร์. |
| 250 ## - EDITION STATEMENT | |
| Edition statement | พิมพ์ครั้งที่ 1. |
| 260 ## - PUBLICATION, DISTRIBUTION, ETC. | |
| Place of publication, distribution, etc. | นนทบุรี : |
| Name of publisher, distributor, etc. | คอร์ฟังก์ชั่น, |
| Date of publication, distribution, etc. | 2566. |
| 300 ## - PHYSICAL DESCRIPTION | |
| Extent | 440 หน้า : |
| Other physical details | ภาพประกอบ, ตาราง, แผนภูมิ ; |
| Dimensions | 21 ซม. |
| 505 2# - FORMATTED CONTENTS NOTE | |
| Formatted contents note | ส่วนที่ 1 AI อยู่รอบตัวเรา --<br/>ส่วนที่ 2 AI คิดได้อย่างไร? --<br/>ส่วนที่ 3 Machine Learning ตัวขับเคลื่อนสำคัญต่อ AI --<br/>ส่วนที่ 4 อยากมี AI ใช้ในองค์กร มีวิธีไหนบ้าง? --<br/>ส่วนที่ 5 คอร์สเรียนลัด Machine Learning --<br/>ส่วนที่ 6 ChatGPT จะเปลี่ยนโลก?. |
| 650 #4 - SUBJECT ADDED ENTRY--TOPICAL TERM | |
| Topical term or geographic name entry element | ปัญญาประดิษฐ์ |
| 9 (RLIN) | 30014 |
| 650 #4 - SUBJECT ADDED ENTRY--TOPICAL TERM | |
| Topical term or geographic name entry element | การเรียนรู้ของเครื่อง |
| 9 (RLIN) | 46357 |
| 942 ## - ADDED ENTRY ELEMENTS (KOHA) | |
| Koha item type | General Book |
| Source of classification or shelving scheme | Library of Congress Classification |
| 996 ## - STAFF PROCESSING RECORDS (NALT) | |
| Staff name | jidapa.t |
| Staff type | ACQSTF |
| Acquisition or Cataloging date | 2025-06-12 |
| 996 ## - STAFF PROCESSING RECORDS (NALT) | |
| Staff name | varee.k |
| Staff type | LIBSTF |
| Acquisition or Cataloging date | 2025-06-30 |
| 996 ## - STAFF PROCESSING RECORDS (NALT) | |
| Staff name | jamriang.p |
| Staff type | CATSTF |
| Acquisition or Cataloging date | 2025-07-21 |
| 998 ## - STAFF NAME (NALT) | |
| -- | 1020 |
| -- | นางจำเรียง ระวังสำโรง |
| Withdrawn status | Lost status | Source of classification or shelving scheme | Damaged status | Not for loan | Collection code | Home library | Current library | Shelving location | Date acquired | Source of acquisition | Total Checkouts | Full call number | Barcode | Date last seen | Price effective from | Koha item type |
|---|---|---|---|---|---|---|---|---|---|---|---|---|---|---|---|---|
| Library of Congress Classification | General Book collection | National Assembly Library of Thailand | National Assembly Library of Thailand | General Book shelves | 05/06/2025 | 192 | Q 335 ว321อ 2566 | 3961215359 | 05/06/2025 | 05/06/2025 | General Book |
